BUSINESS STATISTICS: A FIRST COURSE (Record no. 8861)
[ view plain ]
| 000 -LEADER | |
|---|---|
| fixed length control field | 00859nam a22001697a 4500 |
| 003 - CONTROL NUMBER IDENTIFIER | |
| control field | SGT |
| 020 ## - INTERNATIONAL STANDARD BOOK NUMBER | |
| International Standard Book Number | 9788131731574 |
| 082 ## - DEWEY DECIMAL CLASSIFICATION NUMBER | |
| Classification number | 519.5, LEV |
| 100 ## - MAIN ENTRY--PERSONAL NAME | |
| Personal name | LEVINE,DAVID M |
| 245 ## - TITLE STATEMENT | |
| Title | BUSINESS STATISTICS: A FIRST COURSE |
| 250 ## - EDITION STATEMENT | |
| Edition statement | 5TH |
| 260 ## - PUBLICATION, DISTRIBUTION, ETC. (IMPRINT) | |
| Place of publication, distribution, etc | NEW DELHI |
| Name of publisher, distributor, etc | PEARSON |
| Year of Publication | 2011 |
| 300 ## - PAGE DESCRIPTION | |
| No. of Pages | 665 |
| 650 ## - SUBJECT ADDED ENTRY--TOPICAL TERM | |
| Topical term or geographic name as entry element | PROBABILITIES & APPLIED MATHEMATICS |
| 653 ## - KEYWORDS--INDEX TERM | |
| Keyword term | INTRODUCTION AND DATA COLLECTION PRESENTING DATA IN TABLES AND CHARTS NUMERICAL DESCRIPTIVE MEASURES BASIC PROBABILITY DISCRETE PROBABILITY DISTRIBUTIONS THE NORMAL DISTRIBUTION SAMPLING AND SAMPLING DISTRIBUTIONS CONFIDENCE INTERVAL ESTIMATION FUNDAMENTALS OF HYPOTHESIS TESTING: ONE-SAMPLE TESTS TWO-SAMPLE TESTS AND ONE-WAY ANOVA CHI-SQUARE TESTS SIMPLE LINEAR REGRESSION MULTIPLE REGRESSION STATISTICAL APPLICATIONS IN QUALITY MANAGEMENT DECISION ANALYSIS FORECASTING |
| 942 ## - ADDED ENTRY ELEMENTS (KOHA) | |
| Source of classification or shelving scheme | Dewey Decimal Classification |
| Koha item type | FCM Books |
| 942 ## - ADDED ENTRY ELEMENTS (KOHA) | |
| -- | 18 |
| Withdrawn status | Lost status | Source of classification or shelving scheme | Damaged status | Not for loan | Home library | Current library | Shelving location | Date acquired | Vendor Name | Cost, normal purchase price | SGTU | Bill Number | Total Checkouts | Full call number | Accession No. (Barcode) | Date last seen | Date last borrowed | Bill Date | Koha item type | Collection code | Total Renewals |
|---|---|---|---|---|---|---|---|---|---|---|---|---|---|---|---|---|---|---|---|---|---|
| Dewey Decimal Classification | SGT Science & Social Sciences Library | SGT Science & Social Sciences Library | On Display | 31/05/2016 | IBH | 395.00 | SGTU | 14725 | 22 | 519.5, LEV | CM217 | 24/04/2025 | 22/04/2025 | 11/11/2013 | FCM Books | ||||||
| Withdrawn | Dewey Decimal Classification | SGT Science & Social Sciences Library | SGT Science & Social Sciences Library | On Display | 31/05/2016 | IBH | 395.00 | SGTU | 14725 | 519.5, LEV | CM218 | 27/02/2017 | 11/11/2013 | FCM Books | |||||||
| Dewey Decimal Classification | SGT Science & Social Sciences Library | SGT Science & Social Sciences Library | On Display | 07/07/2016 | IBH | 650.00 | SGTU | 8777 | 17 | 519.5, LEV | CM17 | 12/11/2025 | 30/10/2025 | 22/08/2013 | FCM Books | COMMERCE MANAGEMENT | 1 |